| 000 | 00546nam a22001697a 4500 | ||
|---|---|---|---|
| 008 | 151104b xxu||||| |||| 00| 0 eng d | ||
| 020 | _a9780060172237 | ||
| 050 | _aBL624.M664 1994 | ||
| 100 |
_aMoore, Thomas _920921 |
||
| 245 |
_aMeditations _bOn the Monk who dwells in daily life _cthomas Moore |
||
| 260 |
_aNew York _bHarper Collins Publishers _c1994 |
||
| 300 |
_axii, 107p. ; _c22cm. |
||
| 600 |
_aMoore, Thomas, 1940- _920922 |
||
| 650 |
_aSpiritual life _94105 |
||
| 650 |
_aMonastic and religious life _920923 |
||
| 942 |
_2lcc _cMONOGRAPH |
||
| 999 |
_c123736 _d123736 |
||